1477 1200 1972 1876 1722 1348 1310 1685 1393 1860 1724 1375 1175 1451 1138 1604 1753 1373 1005 1779 1574 1842 1452 1346 1845 1050 1073 1159 1571 1608 1090 1325 1014 1566 1948 1748 1472 1406 1115 1771 1958 1530 1247 1279 1300 1527 1098 1233 1550 1133 1144 1018 1470 1542 1176 1547 1133 1164 1766 1197 1331 1457 1577 1542 1489 1625 1556 1250 1068 1612 1104 1378 1235 1618 1988 1067 1541 1749 1213 1245 1966 1336 1513 1548 1380 1826 1317 1723 1748 1553 1156 1053 1144 1815 1092 1060 1929 1580 1985 BCNSPRNW ULIB Ver.6.0+V

เปลี่ยนเป็นภาษาไทย

Change to English
 แสดงรายละเอียดบรรณานุกรม
  กลับหน้าหลัก

Brief Record : Get Marc (ISO 2709) : E-mail record : QR code < ปิดหน้าต่าง
LEADER : 00000nam 2200000uu 4500
001    13399111061
003     ULIB
008    110615s||||||||th 000 0 tha d
020    9789749965597
050  4 BF412^bค439 2551
100 1  ฮอร์สัน, ทิม
245 10 คิดอย่างอัจฉริยะ =^bThink better /^cเขียน: Tim Hurson ;พรศักดิ์ อุรัทฉัทชัยรัตน์, แปลและเรียบเรียง
246 31 Think better
260    กรุงเทพฯ :^bแมคกรอ-ฮิล,^c[2551]
300    232 หน้า :^bภาพประกอบ ;^c23 ซม.
650  7 ความคิดสร้างสรรค์
650  7 ความคิดและการคิด
700 0  พรศักดิ์ อุรัทฉัทชัยรัตน์,^eผู้แปล
700 12 Hurson, Tim.^tThink better
945    ^p235^l0^i024948
945    ^p235^l0^i024947
995    ทศพร
999 ^a ใช้งานได้ทุกระบบ
รายการนี้ยังไม่มีแท็ก
คุณยังไม่ได้ล็อกอิน คุณสามารถมีกิจกรรมร่วมกับเว็บไซต์ได้ แต่ต้องล็อกอินก่อน ::
  ล็อกอิน

รายการสื่อสารสนเทศ

ลำดับที่ ประเภท เลขเรียก/บาร์โค้ด สถานที่ สถานะ
- ไม่พบข้อมูล -

รายการใกล้เคียง
    หัวเรื่อง [ความคิดสร้างสรรค์]
    หัวเรื่อง [ความคิดและการคิด]

BibComment


ยังไม่เคยถูกคอมเมนท์

คอมเมนท์ทรัพยากรรายการนี้
  คอมเมนท์: คิดอย่างอัจฉริยะ ..


 Copyright 2026. Bcnsprnw @Library